书目信息 |
| 题名: |
建筑设备安装识图与施工工艺
|
|
| 作者: | 陈明彩 , 毛颖 主编 | |
| 分册: | ||
| 出版信息: | 北京 北京理工大学出版社 2009.06 |
|
| 页数: | 229页 | |
| 开本: | 23cm | |
| 丛书名: | ||
| 单 册: | ||
| 中图分类: | TU8 | |
| 科图分类: | ||
| 主题词: | 房屋建筑设备--fang wu jian zhu she bei--建筑安装工程--高等学校--教材 , 房屋建筑设备--fang wu jian zhu she bei--建筑安装工程--工程施工--识图法--高等学校--教材 | |
| 电子资源: | ||
| ISBN: | 978-7-5640-2398-0 | |
| 000 | 01089nam0 2200265 450 | |
| 001 | 012009554093 | |
| 005 | 20091128081808.71 | |
| 010 | @a978-7-5640-2398-0@dCNY29.00 | |
| 100 | @a20091128d2009 em y0chiy0120 ea | |
| 101 | 0 | @achi |
| 102 | @aCN@b110000 | |
| 105 | @aak a 000yy | |
| 106 | @ar | |
| 200 | 1 | @a建筑设备安装识图与施工工艺@Ajian zhu she bei an zhuang shi tu yu shi gong gong yi@f陈明彩, 毛颖主编@Fchen ming cai,mao ying zhu bian |
| 210 | @a北京@c北京理工大学出版社@d2009.06 | |
| 215 | @a229页@c图@d23cm | |
| 320 | @a有书目 | |
| 330 | @a本书主要内容:水暖及通风空调工程常用材料、供暖系统安装、给水排水系统安装、管道系统设备及附件安装、通风空调系统安装、管道防腐与保温、水暖及通风空调工程施工图、电气工程常用材料等。 | |
| 606 | 0 | @a房屋建筑设备@Afang wu jian zhu she bei@x建筑安装工程@x高等学校@j教材 |
| 606 | 0 | @a房屋建筑设备@Afang wu jian zhu she bei@x建筑安装工程@x工程施工@x识图法@x高等学校@j教材 |
| 690 | @aTU8@v4 | |
| 701 | 0 | @a陈明彩@Achen ming cai@4主编 |
| 701 | 0 | @a毛颖@Amao ying@4主编 |
| 801 | 0 | @aCN@bQSSK@c20091128 |
| 905 | @b766291-93@dTU8@eC510@f3 | |
| 建筑设备安装识图与施工工艺/陈明彩, 毛颖主编.-北京:北京理工大学出版社,2009.06 |
| 229页:图;23cm |
| ISBN 978-7-5640-2398-0:CNY29.00 |
| 本书主要内容:水暖及通风空调工程常用材料、供暖系统安装、给水排水系统安装、管道系统设备及附件安装、通风空调系统安装、管道防腐与保温、水暖及通风空调工程施工图、电气工程常用材料等。 |
| ● |
| 相关链接 |
|
|
|
正题名:建筑设备安装识图与施工工艺
索取号:TU8/C510
 
预约/预借
| 序号 | 登录号 | 条形码 | 馆藏地/架位号 | 状态 | 备注 |
| 1 | 766291 | 207662910 | 建筑库201/201建筑库 48排3列5层/ [索取号:TU8/C510] | 在馆 | |
| 2 | 766292 | 207662929 | 建筑库201/201建筑库 48排3列5层/ [索取号:TU8/C510] | 在馆 | |
| 3 | 766293 | 207662938 | 建筑库201/201建筑库 48排3列5层/ [索取号:TU8/C510] | 在馆 |